000 00768nas a2200241 4500
001 BR7500743
003 BR-BrBNA
005 20231205082808.0
007 ta
008 230509b bl.|||p| |||| 00| 00por d
040 _aBR-BrBNA
_bpor
_cBiblioteca Nacional de Agricultura
041 _a(Pt)
072 _aL74
100 1 _aPrimo, A.T.
245 1 _aCONDEPE constata casos de fotossensibilizacao em pasto de brachiaria [Conselho Nacional de Desenvolvimento da Pecuaria]
650 _aCAPIM BRACHIARIA
650 _aBOVINO
650 _aFOTOSSENSIBILIDADE
650 _aINTOXICACAO ANIMAL
773 0 _tAgricultura e Pecuaria (Brazil)
_xISSN 0100-249X
_g(Nov 1975), (no. 605) p. 5
_wBR7500743
909 _a202311
_bLúcia
_c55
_dLúcia Elande
942 _2AGRIS
_n0
_cANA
999 _c94277
_d94277